000 00282nam a22001217a 4500
008 170608b xxu||||| |||| 00| 0 eng d
041 _aeng
080 _a328
100 _a18
101 _aSWHP
245 _aPROCEEDINGS NENETY ANNUAL CONFERENCE
_cCHERMICK.H
942 _2udc
_cBK
999 _c16504
_d16504